[Event "Elancourt op"]
[Site "Elancourt"]
[Date "2010.04.27"]
[Round "4"]
[White "Galazka, Pierre"]
[Black "Mongey, Alain"]
[Result "1-0"]
[WhiteElo "1919"]
[BlackElo "1644"]
[PlyCount "97"]
[EventDate "2010.04.25"]
[EventType "swiss"]
[EventRounds "9"]
[EventCountry "FRA"]
[SourceTitle "CBM 136 Extra"]
[Source "ChessBase"]
[SourceDate "2010.07.02"]
[SourceVersion "2"]
[SourceVersionDate "2010.07.15"]
[SourceQuality "1"]

1. d4 e6 2. c4 d5 3. Nc3 Nf6 4. Bg5 Be7 5. Nf3 c6 6. e3 Nbd7 7. cxd5 exd5 8. Bd3 h6 9. Bh4 Qb6 10. Qc2 Qd8 11. 0-0 g5 12. Bg3 Nh5 13. Be5 Nxe5 14. Nxe5 Nf6 15. Rad1 Bd6 16. e4 dxe4 17. Nxe4 Nxe4 18. Bxe4 Bxe5 19. dxe5 Qa5 20. Bxc6+ bxc6 21. Qxc6+ Kf8 22. Qxa8 Kg7 23. Qc6 Qxe5 24. Qc3 Qxc3 25. bxc3 Be6 26. a3 Rc8 27. Rc1 a5 28. Rfe1 Rc4 29. Re5 Ra4 30. Ra1 Kf6 31. Re3 Rc4 32. Kf1 Rc6 33. Ke1 Rc4 34. Kd2 Ra4 35. f3 h5 36. Re4 Rc4 37. Rxc4 Bxc4 38. Re1 a4 39. Re4 Bb5 40. c4 Bc6 41. Re2 Kf5 42. Kc3 g4 43. fxg4+ hxg4 44. Kd4 Kg5 45. Kc5 Ba8 46. Kd6 f5 47. g3 Be4 48. c5 Bd3 49. Rf2 1-0

[Event "Saint Quentin op 11th"]
[Site "Elancourt"]
[Date "2009.04.20"]
[Round "4"]
[White "Galazka, Pierre"]
[Black "Oger, Claude"]
[Result "1/2-1/2"]
[WhiteElo "1896"]
[BlackElo "1996"]
[PlyCount "137"]
[EventDate "2009.04.18"]
[EventType "swiss"]
[EventRounds "9"]
[EventCountry "FRA"]
[SourceTitle "CBM 129 Extra"]
[Source "ChessBase"]
[SourceDate "2009.05.05"]
[SourceVersion "2"]
[SourceVersionDate "2009.05.20"]
[SourceQuality "1"]

1. d4 Nf6 2. Nf3 e6 3. c4 d5 4. Nc3 Be7 5. Bg5 h6 6. Bh4 0-0 7. e3 b6 8. Bd3 dxc4 9. Bxc4 Bb7 10. 0-0 Nbd7 11. Qe2 Ne4 12. Bxe7 Qxe7 13. Ba6 Bxa6 14. Qxa6 Ndf6 15. Rac1 c5 16. Na4 cxd4 17. Nxd4 Nd5 18. a3 Qg5 19. Nf3 Qh5 20. Rc2 g5 21. Rfc1 g4 22. Nd4 Qg5 23. Qd3 Qg6 24. Nc6 Kh8 25. Qd4+ Kh7 26. Nb4 Nxb4 27. Qxb4 Qf5 28. Qe1 Rad8 29. Nc3 Nc5 30. Qe2 Rd7 31. Rd1 Rfd8 32. Rxd7 Rxd7 33. Rd2 Rxd2 34. Qxd2 Kg6 35. g3 Ne4 36. Nxe4 Qxe4 37. Qc3 h5 38. Qh8 Qb1+ 39. Kg2 Qe4+ 40. Kg1 Qf5 41. Qd4 Qf6 42. Qb4 Kg7 43. Qb5 e5 44. Qa6 Qe7 45. Qb5 Qc7 46. Qb4 a5 47. Qb5 Kf6 48. Kg2 Qc5 49. Qd7 e4 50. Qd8+ Kg7 51. Qe8 Qd5 52. Qb8 b5 53. Qc7 b4 54. axb4 axb4 55. Qc2 b3 56. Qc3+ Kh7 57. Qf6 Kg8 58. Qc3 Qe6 59. Qd4 Kh7 60. Qc5 Kg6 61. Qd4 Kh7 62. Kf1 Qa6+ 63. Ke1 Qa5+ 64. Kd1 Qa1+ 65. Kd2 Qa5+ 66. Qc3 Qd5+ 67. Qd4 Qa5+ 68. Qc3 Qd5+ 69. Qd4 1/2-1/2

[Event "Saint Quentin op 11th"]
[Site "Elancourt"]
[Date "2009.04.18"]
[Round "1"]
[White "Guliyev, Namig"]
[Black "Galazka, Pierre"]
[Result "1-0"]
[WhiteElo "2534"]
[BlackElo "1896"]
[PlyCount "103"]
[EventDate "2009.04.18"]
[EventType "swiss"]
[EventRounds "9"]
[EventCountry "FRA"]
[SourceTitle "CBM 129 Extra"]
[Source "ChessBase"]
[SourceDate "2009.05.05"]
[SourceVersion "2"]
[SourceVersionDate "2009.05.20"]
[SourceQuality "1"]

1. e4 e5 2. Nf3 Nc6 3. Bb5 a6 4. Ba4 Nf6 5. 0-0 Be7 6. Re1 b5 7. Bb3 d6 8. c3 Nb8 9. d4 Nbd7 10. Bxf7+ Kxf7 11. Ng5+ Kg8 12. Ne6 Qe8 13. Nxc7 Qd8 14. Qb3+ d5 15. Nxa8 Bb7 16. a4 Bxa8 17. axb5 axb5 18. dxe5 Nxe5 19. exd5 Bxd5 20. Qxb5 Bd6 21. Bg5 Bc6 22. Qb3+ Kf8 23. Nd2 Qc7 24. Qe6 Nd3 25. Bxf6 Bxh2+ 26. Kf1 Bxg2+ 27. Kxg2 Nf4+ 28. Kxh2 Nxe6+ 29. Be5 Qc6 30. Ne4 Kf7 31. Nd6+ Kg6 32. Rg1+ Kh5 33. Rg2 Ng5 34. Rxg5+ Kxg5 35. Rg1+ Kh5 36. Nf7 h6 37. Nxh8 Qf3 38. Rg2 g5 39. Bd4 g4 40. Rg3 Qf4 41. b4 Qf8 42. b5 Kg5 43. b6 h5 44. b7 Qb8 45. Nf7+ Kg6 46. Ne5+ Kf5 47. Nc4 h4 48. Be5 hxg3+ 49. Kxg3 Qg8 50. b8Q Qxc4 51. Bd4 Qd3+ 52. Kh2 1-0

[Event "Montigny le Bretonneux Noel op 09th"]
[Site "Montigny le Bretonneux"]
[Date "2006.12.27"]
[Round "6"]
[White "Galazka, Pierre"]
[Black "Mousset Evtouchenko, Nina"]
[Result "1/2-1/2"]
[WhiteElo "1941"]
[BlackElo "1882"]
[PlyCount "162"]
[EventDate "2006.12.27"]
[EventType "swiss"]
[EventRounds "7"]
[EventCountry "FRA"]
[SourceTitle "CBM 116 Extra"]
[Source "ChessBase"]
[SourceDate "2007.03.07"]
[SourceVersion "1"]
[SourceVersionDate "2007.03.07"]
[SourceQuality "1"]

1. d4 Nf6 2. Nf3 g6 3. g3 Bg7 4. Bg2 0-0 5. c4 c5 6. d5 e6 7. Nc3 exd5 8. cxd5 d6 9. 0-0 Bf5 10. Nd2 Qd7 11. e4 Bh3 12. a4 Bxg2 13. Kxg2 Ng4 14. Nc4 Ne5 15. Nxe5 dxe5 16. Be3 Na6 17. Qe2 Rfc8 18. b3 Nb4 19. Rac1 b6 20. f4 exf4 21. Bxf4 Re8 22. Qf3 Rad8 23. d6 Nc6 24. Nb5 Ne5 25. Qd1 Re6 26. Bxe5 Rxe5 27. Qf3 Re6 28. b4 Rc8 29. Qe3 c4 30. Qe2 a6 31. Nc7 Rxd6 32. Nd5 b5 33. axb5 axb5 34. Qe3 Re8 35. Qf4 f5 36. Nc3 Rd2+ 37. Rf2 Rxf2+ 38. Qxf2 fxe4 39. Rd1 Qb7 40. Nd5 Qf7 41. Qxf7+ Kxf7 42. Rf1+ Kg8 43. Nc7 Rb8 44. Rc1 Bf8 45. Nd5 Bg7 46. Kf2 Bd4+ 47. Ke2 Rf8 48. Nc7 Rf2+ 49. Ke1 Rf5 50. Ne6 Bb2 51. Rc2 Be5 52. Ke2 Rf3 53. Nc5 Bd4 54. Ne6 Rf2+ 55. Kd1 Rxc2 56. Kxc2 Be5 57. Ng5 e3 58. Nf3 Bf6 59. Kd1 Bc3 60. Ke2 Bxb4 61. Nd4 c3 62. Kd3 c2 63. Kxc2 Be1 64. Nxb5 Bf2 65. Kd3 Bg1 66. h3 Bf2 67. g4 Kg7 68. Nd6 h6 69. Ne4 Bg1 70. Ke2 h5 71. gxh5 gxh5 72. Ng3 Kh6 73. Nf5+ Kg5 74. Nxe3 Kf4 75. Ng2+ Kg3 76. Kf1 Ba7 77. h4 Bb6 78. Ne1 Kxh4 79. Kg2 Kg5 80. Nd3 Bc7 81. Nb4 h4 1/2-1/2

[Event "Montigny le Bretonneux Noel op 09th"]
[Site "Montigny le Bretonneux"]
[Date "2006.12.27"]
[Round "1"]
[White "Msellek, Ilyass"]
[Black "Galazka, Pierre"]
[Result "1-0"]
[WhiteElo "1600"]
[BlackElo "1941"]
[PlyCount "87"]
[EventDate "2006.12.27"]
[EventType "swiss"]
[EventRounds "7"]
[EventCountry "FRA"]
[SourceTitle "CBM 116 Extra"]
[Source "ChessBase"]
[SourceDate "2007.03.07"]
[SourceVersion "1"]
[SourceVersionDate "2007.03.07"]
[SourceQuality "1"]

1. e4 e5 2. Nf3 Nc6 3. Bb5 a6 4. Ba4 Nf6 5. 0-0 Be7 6. Re1 b5 7. Bb3 d6 8. c3 Na5 9. Bc2 c5 10. a4 Bb7 11. d4 cxd4 12. cxd4 Qc7 13. axb5 axb5 14. b4 Nc6 15. Rxa8+ Bxa8 16. Ba3 0-0 17. d5 Na7 18. Bb3 Bb7 19. Nbd2 Rc8 20. Bb2 Qb6 21. Nf1 Rc7 22. Qd2 Bc8 23. h3 Nh5 24. Kh2 Nf4 25. Bd4 exd4 26. Qxf4 Rc3 27. Ba2 Rc2 28. Bb1 Rb2 29. e5 Rxb4 30. exd6 Qxd6 31. Ne5 f6 32. Nd3 Qxf4+ 33. Nxf4 Bd6 34. g3 Bd7 35. Nd3 Ra4 36. Nd2 Bb4 37. Nxb4 Rxb4 38. Re7 Rb2 39. Rxd7 Rxd2 40. Rxa7 Kf8 41. Kg2 b4 42. d6 Ke8 43. d7+ Kd8 44. Bf5 1-0

[Event "Montigny le Bretonneux Noel op 08th"]
[Site "Montigny le Bretonneux"]
[Date "2005.12.26"]
[Round "1"]
[White "Galazka, Pierre"]
[Black "Chasez, Fabien"]
[Result "0-1"]
[WhiteElo "1933"]
[BlackElo "1330"]
[PlyCount "110"]
[EventDate "2005.12.26"]
[EventType "swiss"]
[EventRounds "7"]
[EventCountry "FRA"]
[SourceTitle "CBM 110 Extra"]
[Source "ChessBase"]
[SourceDate "2006.03.10"]
[SourceVersion "2"]
[SourceVersionDate "2006.03.10"]
[SourceQuality "1"]

1. d4 Nf6 2. Nf3 e6 3. c4 d5 4. Nc3 Bb4 5. Qb3 Nc6 6. a3 Bxc3+ 7. Qxc3 Ne4 8. Qc2 0-0 9. e3 Bd7 10. g3 Rb8 11. Bg2 Be8 12. 0-0 f5 13. Nd2 Bg6 14. Nxe4 fxe4 15. b4 Ne7 16. Bb2 c6 17. Qb3 Nc8 18. f3 Nd6 19. c5 Nc4 20. fxe4 Rxf1+ 21. Rxf1 Nd2 22. Qd1 Nxf1 23. Qxf1 Qg5 24. Qf4 Qxf4 25. exf4 b6 26. e5 bxc5 27. dxc5 a5 28. Bc3 axb4 29. Bxb4 Bd3 30. Kf2 Kf7 31. Ke3 Bc4 32. Bh3 Rg8 33. f5 exf5 34. Bxf5 Ke7 35. Ba5 g6 36. Bh3 h5 37. Bc7 Ra8 38. Bd6+ Ke8 39. e6 Rxa3+ 40. Kd4 Ra2 41. e7 Rxh2 42. Be6 g5 43. Bg8 Re2 44. Bh7 Kf7 45. Bf5 Rxe7 46. Bg6+ Kxg6 47. Bxe7 Kf5 48. Ke3 Kg4 49. Kf2 h4 50. gxh4 gxh4 51. Kg2 h3+ 52. Kh2 d4 53. Bf6 d3 54. Bc3 Be6 55. Kg1 Kf3 0-1